000 00624nam a2200241Ia 4500
003 OSt
005 20221007110612.0
006 a|||||r|||| 00| 0
007 ta
008 221006b |||||||| |||| 00| 0 eng d
024 _a21,429
037 _cTextual
040 _aLCO
_cLCO
_beng
041 _2eng
_aeng
082 _aX81:(Z2), L8
100 _aMurthy K.S.N
245 0 _aModern Law of Insurance in India
260 _aBombay
_bN.M. Tripathi Private Limited India
_c1978
300 _a344
650 _aINSURANCE
942 _hX81:(Z2), L8
_cTEXL
999 _c1190992
_d1190992